000 00759nam a2200265 a 4500
001 1891
003 BD-RjUL
005 20211208233432.0
008 131209r19721965ii a b 001 0 eng
020 _a0538081503
035 _a(BD-RjUL)
040 _aDLC
_cDLC
_d(BD-RjUL)
_beng
041 _aeng
082 0 0 _a330
_219
_bFEP
100 1 _aFerguson, C.E.
_96240
245 1 0 _aPrinciples of economics /
_cC.E. Ferguson [and] Juanita M. Kreps.
250 _a2nd ed.
260 _aNew Delhi :
_bOXFORD & IBH PUB.,
_cc1965[Reprinted 1972]
300 _axIii, 863 p. :
_bill. ;
_c27 cm.
504 _aIncludes bibliographies and index.
650 0 _aEconomics.
_96241
700 _a Kreps, Juanita M.
_96242
942 _2ddc
_cBK
999 _c1891
_d1891